| 000 | 01344cam a22002771i 4500 | ||
|---|---|---|---|
| 001 | e 37000407 | ||
| 003 | DLC | ||
| 005 | 20260227111227.0 | ||
| 008 | 800919s1937 dcua f000 0 eng c | ||
| 010 | _ae 37000407 | ||
| 035 | _a(OCoLC)6729343 | ||
| 040 |
_aU. S. Off. of Educ. Library _cViBlbV _dViBlbV _dOCoLC _dDLC |
||
| 042 | _apremarc | ||
| 050 | 0 | 0 |
_aL111 _b.A6 1937, no. 24 |
| 051 |
_aLC143 _b.K4 |
||
| 100 | 1 |
_aKelly, Frederick James, _d1880-1959. |
|
| 245 | 1 | 0 |
_aContinuity of college attendance, _cby Fred J. Kelly, chief of the division of higher education. United States Department of the Interior, Harold L. Ickes, secretary. Office of Education, J. W. Studebaker, commissioner of education. |
| 260 |
_aWashington, _bU.S. Govt. Print. Off., _c1937. |
||
| 300 |
_aiii, 24 p. _bincl. tables. _c23 cm. |
||
| 410 | 1 | 0 |
_aUnited States. _bOffice of Education. _tBulletin, _v1937, no. 24 |
| 501 |
_aCopies 1 and 2 of L111.A6 with: Opportunities for the preparation of teachers of exceptional children / Elise H. Martens. Washington : U. S. Govt. Print. Off., 1938. Bound together subsequent to publication. _5DLC |
||
| 504 | _aBibliography: p. 21-24. | ||
| 650 | 0 |
_aUniversities and colleges _zUnited States _vStatistics. |
|
| 650 | 0 |
_aUniversities and colleges _zUnited States _xAdministration. |
|
| 650 | 0 |
_aStudents _zUnited States. |
|
| 999 |
_c21564 _d21564 |
||